000 00529nam a2200193Ia 4500
005 20260531145103.0
008 260531s9999 xx 000 0 und d
020 _a9780198066477
041 _aEnglish
082 _a681.3.21.1 SEN
100 _aSenthil Kumar (N)
245 0 _aMicroprocessors and Microcontrollers
260 _bOxford University Press
_aNew Delhi
_c2013
300 _bPaper Back
_a765+22
563 _aPaper Back
650 _a Microprocessors
700 _aSaravanan (M)Jeevananthan (S)
942 _cBK
999 _c195021
_d195021